Datum a čas kvízu
28.5
Celkem bodů
Celkový počet nahraných bodů na tomto kvízu bez doplňovacích otázek.
3.
Pořadí na kvízu
Konečné umístění týmu na tomto kvízu.
Zaznamenané odpovědi
| # | Otázka | Odpověď | Body | Výsledky |
|---|---|---|---|---|
| 1. | Minulou středu schválila sněmo... | Od roku 2027. | 0 | |
| 2. | Blízko slovinského města Sevni... | Melania Trumpová | 0 | |
| 3. | Minulý týden jsme se dozvěděli... | Nicholas Winton | 1 | |
| 4. | Cena Ig Nobel Prize, tedy jaká... | helium | 1 | |
| 5. | V minulém týdnu odstartoval no... | Vítkovice a Litvínov | 0.5 | |
| 6. | Po dějinách Ukrajiny, které js... | Štěpán I. (Svatý) | 0 | |
| 7. | Jak se nazývá město v jižním M... | Moháč | 0 | |
| 8. | Jak se jmenoval dočasný státní... | Maďarská republika rad | 1 | |
| 9. | Liberální pojetí socialismu sp... | gulášový socialismus/komunismus | 1 | |
| 10. | Napište šestipísmennou zkratku... | Fidesz | 0 |